[Event "Titled Tuesday 2025.01.28 Early"]
[Site "Chess.com INT"]
[Date "2025.01.28"]
[Round "4"]
[White "Yang, Kaiqi"]
[Black "Dzhumagaliev, Yan"]
[Result "1/2-1/2"]
[WhiteElo "2481"]
[BlackElo "2411"]
[PlyCount "104"]
[GameId "2141333506142087"]
[EventDate "2025.01.28"]
[EventType "swiss (blitz)"]
[EventRounds "11"]
[EventCountry "NET"]
[SourceTitle "Mega2025 Update 14"]
[Source "Chessbase"]
[SourceDate "2025.02.07"]
[SourceVersion "1"]
[SourceVersionDate "2025.02.07"]
[SourceQuality "1"]

1. d4 Nf6 2. c4 e6 3. Nc3 Bb4 4. f3 c5 5. d5 exd5 6. cxd5 O-O 7. Bg5 d6 8. e4 Nbd7 9. Nh3 h6 10. Bh4 b5 11. Nf2 c4 12. Be2 a6 13. O-O Qb6 14. Kh1 Nh5 15. g4 Nf4 16. Bg3 Nxe2 17. Qxe2 Re8 18. Rg1 Bb7 19. Rad1 Bc5 20. Rg2 Qa5 21. a3 Rac8 22. Bf4 b4 23. axb4 Bxb4 24. g5 hxg5 25. Rxg5 Bxc3 26. bxc3 Qxc3 27. Rdg1 g6 28. Ng4 Ne5 29. Bxe5 dxe5 30. Nf6+ Kf8 31. Nxe8 Rxe8 32. Qf2 Qd4 33. Qh4 Qe3 34. Qh8+ Ke7 35. Rxe5+ Kd6 36. Qf6+ Kc5 37. Rxe8 c3 38. Qe7+ Kd4 39. Qf6+ Kd3 40. d6 c2 41. d7 c1=Q 42. d8=Q+ Ke2 43. Rxc1 Qxc1+ 44. Kg2 Qf1+ 45. Kg3 Qg1+ 46. Kf4 Qxh2+ 47. Kg5 Qh5+ 48. Kf4 Qh2+ 49. Kg4 Qg2+ 50. Kh4 Qh2+ 51. Kg5 Qh5+ 52. Kf4 Qh2+ 1/2-1/2

[Event "Titled Tuesday 2025.01.28 Early"]
[Site "Chess.com INT"]
[Date "2025.01.28"]
[Round "5"]
[White "Yang, Kaiqi"]
[Black "Srihari, Lakshmi"]
[Result "1-0"]
[WhiteElo "2481"]
[BlackElo "2367"]
[PlyCount "117"]
[GameId "2141333506289948"]
[EventDate "2025.01.28"]
[EventType "swiss (blitz)"]
[EventRounds "11"]
[EventCountry "NET"]
[SourceTitle "Mega2025 Update 14"]
[Source "Chessbase"]
[SourceDate "2025.02.07"]
[SourceVersion "1"]
[SourceVersionDate "2025.02.07"]
[SourceQuality "1"]

1. d4 Nf6 2. c4 g6 3. Nc3 Bg7 4. e4 d6 5. Nf3 O-O 6. Be2 e5 7. d5 Na6 8. Bg5 Qe8 9. Nd2 Nc5 10. b4 Ncd7 11. Rc1 a6 12. O-O h6 13. Be3 Nh7 14. c5 f5 15. f3 f4 16. Bf2 g5 17. Nc4 Rf6 18. Na4 Bf8 19. cxd6 Bxd6 20. Nc5 Nhf8 21. Nxd6 cxd6 22. Ne6 Nxe6 23. dxe6 Nf8 24. Qxd6 Bxe6 25. Qxe5 Nd7 26. Qc7 h5 27. Bc4 g4 28. Bh4 Rg6 29. Qxf4 Bxc4 30. Rxc4 Qe6 31. Rfc1 gxf3 32. Qxf3 Ne5 33. Qxh5 Nxc4 34. Rxc4 Rf8 35. Rc1 Qf7 36. Bg3 Rf6 37. Qd5 Re6 38. h3 Rg6 39. Kh2 Qxd5 40. exd5 Rf7 41. d6 Rd7 42. Rc8+ Kf7 43. Rc3 Ke6 44. Re3+ Kd5 45. Rc3 Kd4 46. Rc7 Rxc7 47. dxc7 Rc6 48. h4 Ke4 49. h5 Kf5 50. Bd6 Kg5 51. g4 Kxg4 52. h6 Rc2+ 53. Kg1 Kf3 54. h7 Rc1+ 55. Kh2 Rc2+ 56. Kh3 Rc1 57. h8=Q Rh1+ 58. Bh2 Ke3 59. Qe5+ 1-0

[Event "Titled Tuesday 2025.01.28 Early"]
[Site "Chess.com INT"]
[Date "2025.01.28"]
[Round "6"]
[White "Sieciechowicz, Marcin"]
[Black "Yang, Kaiqi"]
[Result "1-0"]
[WhiteElo "2401"]
[BlackElo "2481"]
[PlyCount "81"]
[GameId "2141333506380307"]
[EventDate "2025.01.28"]
[EventType "swiss (blitz)"]
[EventRounds "11"]
[EventCountry "NET"]
[SourceTitle "Mega2025 Update 14"]
[Source "Chessbase"]
[SourceDate "2025.02.07"]
[SourceVersion "1"]
[SourceVersionDate "2025.02.07"]
[SourceQuality "1"]

1. d4 e6 2. c4 f5 3. g4 fxg4 4. h3 g3 5. fxg3 Bd6 6. Qd3 Nc6 7. a3 Nf6 8. c5 Be7 9. Bg2 d6 10. Bxc6+ bxc6 11. b4 a5 12. Bb2 Ba6 13. Qe3 O-O 14. Qxe6+ Kh8 15. Nc3 Re8 16. Qf5 dxc5 17. dxc5 axb4 18. axb4 Qd4 19. Qf4 Qxf4 20. gxf4 Nh5 21. e3 Bh4+ 22. Kd2 Rad8+ 23. Kc1 Bc4 24. Nf3 Bf2 25. Nd1 Bxe3+ 26. Nxe3 Rxe3 27. Ne5 Bd5 28. Rd1 Rf8 29. Ra3 Rxa3 30. Bxa3 Nxf4 31. Bb2 h5 32. b5 Kh7 33. bxc6 Bf3 34. Nxf3 Ne2+ 35. Kd2 Rxf3 36. Kxe2 Rxh3 37. Bd4 Rh2+ 38. Kd3 h4 39. Be5 Rg2 40. Bxc7 Rg6 41. Bd6 1-0

[Event "Titled Tuesday 2025.01.28 Early"]
[Site "Chess.com INT"]
[Date "2025.01.28"]
[Round "7"]
[White "Itgelt, Khuyagtsogt"]
[Black "Yang, Kaiqi"]
[Result "1-0"]
[WhiteElo "2416"]
[BlackElo "2481"]
[PlyCount "69"]
[GameId "2141333506597683"]
[EventDate "2025.01.28"]
[EventType "swiss (blitz)"]
[EventRounds "11"]
[EventCountry "NET"]
[SourceTitle "Mega2025 Update 14"]
[Source "Chessbase"]
[SourceDate "2025.02.07"]
[SourceVersion "1"]
[SourceVersionDate "2025.02.07"]
[SourceQuality "1"]

1. d4 e6 2. c4 f5 3. g3 Nf6 4. Bg2 d5 5. Nd2 c6 6. Ngf3 Bd6 7. b3 Nbd7 {has lost popularity (7...0-0). verliert an Beliebtheit (7...0-0).} 8. O-O O-O 9. a4 Qe7 10. Bb2 a5 11. e3 Ne4 12. Qc2 b6 13. Rfc1 $146 (13. Ne5 Nxe5 14. dxe5 Bc5 15. Nf3 Ba6 16. Nd4 Rac8 17. Rfd1 Rfd8 18. Rac1 Bb4 19. f3 {1-0 Zanan,E (2486)-Saine,Z (1956) Monsaraz op 2023 (1)}) 13... Ba6 14. Ne1 Bb4 15. Ndf3 Rac8 16. Nd3 Bd6 17. Qd1 Rfd8 18. Bf1 Bb7 19. cxd5 exd5 20. Nfe5 c5 21. f3 Ng5 22. h4 Ne6 23. Nxd7 Rxd7 24. f4 c4 25. Ne5 Bxe5 26. dxe5 Rdc7 27. Ba3 Nc5 28. bxc4 dxc4 29. Rxc4 Ne4 30. Bxe7 Rxc4 31. Bxc4+ Rxc4 32. Qd8+ Kf7 33. Qf8+ Kg6 34. Qe8+ Kh6 35. Bg5+ 1-0

[Event "Titled Tuesday 2025.01.28 Early"]
[Site "Chess.com INT"]
[Date "2025.01.28"]
[Round "8"]
[White "Yang, Kaiqi"]
[Black "Amato, Leonel"]
[Result "1-0"]
[WhiteElo "2481"]
[BlackElo "2158"]
[PlyCount "75"]
[GameId "2141333506704430"]
[EventDate "2025.01.28"]
[EventType "swiss (blitz)"]
[EventRounds "11"]
[EventCountry "NET"]
[SourceTitle "Mega2025 Update 14"]
[Source "Chessbase"]
[SourceDate "2025.02.07"]
[SourceVersion "1"]
[SourceVersionDate "2025.02.07"]
[SourceQuality "1"]

1. d4 e6 2. c4 f5 3. g3 Nf6 4. Bg2 d5 5. Nh3 c6 6. O-O Bd6 7. Bf4 O-O 8. Bxd6 Qxd6 9. Nc3 dxc4 10. a4 Nbd7 11. e3 e5 12. Qe2 exd4 13. Qxc4+ Kh8 14. Rfd1 Nb6 15. Qe2 Be6 16. Rxd4 Qc7 17. Nf4 Bf7 18. a5 Nbd5 19. Nfxd5 Nxd5 20. Nxd5 cxd5 21. Bxd5 Bxd5 22. Rxd5 Rad8 23. Rad1 Rxd5 24. Rxd5 Rd8 25. Qd2 Rxd5 26. Qxd5 Qc8 27. Kg2 h6 28. h4 b6 29. b4 Qf8 30. axb6 axb6 31. b5 Qc8 32. h5 Kh7 33. Qc6 Qd8 34. Qg6+ Kh8 35. Qxf5 Qa8+ 36. e4 Qa4 37. Qd5 Qd1 38. Qxd1 1-0

[Event "Titled Tuesday 2025.01.28 Early"]
[Site "Chess.com INT"]
[Date "2025.01.28"]
[Round "9"]
[White "Weetik, Vjacheslav"]
[Black "Yang, Kaiqi"]
[Result "1/2-1/2"]
[WhiteElo "2423"]
[BlackElo "2481"]
[PlyCount "72"]
[GameId "2141333506839957"]
[EventDate "2025.01.28"]
[EventType "swiss (blitz)"]
[EventRounds "11"]
[EventCountry "NET"]
[SourceTitle "Mega2025 Update 14"]
[Source "Chessbase"]
[SourceDate "2025.02.07"]
[SourceVersion "1"]
[SourceVersionDate "2025.02.07"]
[SourceQuality "1"]

1. d4 d5 2. Nf3 Nf6 3. Bf4 c5 4. e3 e6 5. Nbd2 Bd6 6. c3 O-O 7. Bd3 Nc6 8. Bg3 b6 9. Qe2 Bb7 10. Rd1 Re8 11. Ne5 Ne7 12. f4 Nf5 13. Bf2 Bf8 14. g4 Nd6 15. Bh4 Qc7 16. Bxf6 gxf6 17. Nef3 Ne4 18. g5 f5 19. Ne5 Bg7 20. Ndf3 Kh8 21. Rg1 f6 22. gxf6 Bxf6 23. Bxe4 dxe4 24. Ng5 Bxe5 25. dxe5 Rg8 26. Qh5 Rg7 27. Kf2 Bd5 28. Rxd5 exd5 29. Ne6 Rxg1 30. Nxc7 Rag8 31. Qh3 Rb1 32. Ne6 Rxb2+ 33. Kf1 Rb1+ 34. Kf2 Rb2+ 35. Kf1 Rb1+ 36. Kf2 Rb2+ 1/2-1/2

[Event "Titled Tuesday 2025.01.28 Early"]
[Site "Chess.com INT"]
[Date "2025.01.28"]
[Round "10"]
[White "Harsh, Suresh"]
[Black "Yang, Kaiqi"]
[Result "0-1"]
[WhiteElo "2414"]
[BlackElo "2481"]
[PlyCount "84"]
[GameId "2141333506963142"]
[EventDate "2025.01.28"]
[EventType "swiss (blitz)"]
[EventRounds "11"]
[EventCountry "NET"]
[SourceTitle "Mega2025 Update 14"]
[Source "Chessbase"]
[SourceDate "2025.02.07"]
[SourceVersion "1"]
[SourceVersionDate "2025.02.07"]
[SourceQuality "1"]

1. b3 e5 2. Bb2 Nc6 3. c4 Nf6 4. Nf3 e4 5. Nd4 Bc5 6. Nf5 d5 7. cxd5 Bxf5 8. dxc6 O-O 9. e3 bxc6 10. Nc3 Re8 11. Rc1 Bd6 12. Be2 Nd5 13. O-O Re6 14. g3 Rh6 15. Bg4 Qg5 16. Bxf5 Qxf5 17. f4 Nb4 18. Qe2 Nd3 19. Rb1 Rg6 20. Qg2 Re8 21. Nd1 h5 22. h3 Be7 23. Nf2 Bh4 24. Nh1 Qd5 25. Be5 Bxg3 26. Nxg3 h4 27. Kh2 Rxg3 28. Qe2 Re6 29. Rg1 Reg6 30. Rxg3 Rxg3 31. Rg1 Rf3 32. Qg2 Rf2 33. Qxf2 Nxf2 34. Rxg7+ Kf8 35. Rg2 f6 36. Bd4 Nd3 37. b4 Kf7 38. a3 Qb3 39. Rg4 Qd1 40. Rg2 Qf1 41. f5 Ne1 42. Rg4 Nf3# 0-1

[Event "Titled Tuesday 2025.01.28 Early"]
[Site "Chess.com INT"]
[Date "2025.01.28"]
[Round "11"]
[White "Yang, Kaiqi"]
[Black "Yuan, Qingyu"]
[Result "0-1"]
[WhiteElo "2481"]
[BlackElo "2341"]
[PlyCount "68"]
[GameId "2141333507069887"]
[EventDate "2025.01.28"]
[EventType "swiss (blitz)"]
[EventRounds "11"]
[EventCountry "NET"]
[SourceTitle "Mega2025 Update 14"]
[Source "Chessbase"]
[SourceDate "2025.02.07"]
[SourceVersion "1"]
[SourceVersionDate "2025.02.07"]
[SourceQuality "1"]

1. c4 e6 2. g3 d5 3. d4 Nf6 4. Bg2 dxc4 5. Nf3 c5 6. Na3 Nc6 7. Nxc4 cxd4 8. O-O Bc5 9. Bd2 O-O 10. Rc1 Qe7 11. a3 a5 12. Nfe5 Nxe5 13. Nxe5 Rd8 14. Bg5 Bd6 15. Qxd4 h6 16. Bxf6 Qxf6 17. Rfd1 Bc7 18. Qf4 Rxd1+ 19. Rxd1 Bxe5 20. Qe4 Rb8 21. a4 b6 22. f4 Bxb2 23. Qc2 Bd4+ 24. Kf1 Ba6 25. Rd2 Rc8 26. Qd1 Bc5 27. Bf3 g6 28. Rd7 Kg7 29. Kg2 h5 30. h4 Be3 31. Qb3 Rc3 32. Qb2 Bd4 33. Qd2 Bc5 34. e4 Ra3 0-1

[Event "Titled Tuesday 2025.01.21 Late"]
[Site "Chess.com INT"]
[Date "2025.01.21"]
[Round "1"]
[White "Narva, Triin"]
[Black "Yang, Kaiqi"]
[Result "0-1"]
[WhiteElo "2057"]
[BlackElo "2481"]
[PlyCount "90"]
[GameId "2138824814434779"]
[EventDate "2025.01.21"]
[EventType "swiss (blitz)"]
[EventRounds "11"]
[EventCountry "NET"]
[SourceTitle "Mega2025 Update 13"]
[Source "Chessbase"]
[SourceDate "2025.01.31"]
[SourceVersion "1"]
[SourceVersionDate "2025.01.31"]
[SourceQuality "1"]

1. e4 c5 2. Nf3 d6 3. Bb5+ Nd7 4. O-O a6 5. Bxd7+ Bxd7 6. c3 Nf6 7. Re1 e6 8. d4 d5 9. exd5 Nxd5 10. c4 Nf6 11. d5 Be7 12. d6 Bf8 13. Ne5 Rc8 14. Bf4 Bc6 15. Nc3 Qxd6 16. Qe2 Qe7 17. Rad1 g5 18. Bxg5 Rg8 19. f4 h6 20. Nxc6 Rxc6 21. Bxf6 Qxf6 22. Nd5 Qg7 23. f5 Be7 24. Rf1 Qg4 25. Qxg4 Rxg4 26. fxe6 fxe6 27. Nf6+ Bxf6 28. Rxf6 Rxc4 29. Rxh6 Rc2 30. Rh8+ Kf7 31. Rh7+ Kg6 32. Rxb7 e5 33. a3 e4 34. Re1 Re6 35. h4 e3 36. g4 Rc4 37. h5+ Kh6 38. Kh2 Rxg4 39. Rc7 Rg5 40. Kh3 Rxh5+ 41. Kg4 Rg5+ 42. Kf4 e2 43. Kf3 Rf5+ 44. Kg2 Rg6+ 45. Kh2 Rh5# 0-1

[Event "Titled Tuesday 2025.01.21 Late"]
[Site "Chess.com INT"]
[Date "2025.01.21"]
[Round "2"]
[White "Yang, Kaiqi"]
[Black "Quesada Perez, Yuniesky"]
[Result "0-1"]
[WhiteElo "2481"]
[BlackElo "2591"]
[PlyCount "68"]
[GameId "2138824814512792"]
[EventDate "2025.01.21"]
[EventType "swiss (blitz)"]
[EventRounds "11"]
[EventCountry "NET"]
[SourceTitle "Mega2025 Update 13"]
[Source "Chessbase"]
[SourceDate "2025.01.31"]
[SourceVersion "1"]
[SourceVersionDate "2025.01.31"]
[SourceQuality "1"]

1. e4 e5 2. Nf3 Nc6 3. Bc4 Bc5 4. d3 Nf6 5. O-O d6 6. c3 O-O 7. Re1 a5 8. a4 h6 9. h3 Be6 10. Bb5 Ba7 $5 {[%mdl 4] A promising side line. Eine vielversprechende Nebenvariante.} 11. d4 exd4 12. cxd4 d5 13. e5 Ne4 14. Nc3 Bf5 $146 (14... Nb4 15. Nxe4 dxe4 16. Rxe4 Bd5 17. Rg4 f5 18. Rg3 Kh7 19. Ng5+ Kg8 20. Qh5 Qe7 {0-1 Li Chen,H (1762)-Stoll,L (2006) EU-ch U14 Girls 31st Mamaia 2023 (6)}) 15. Be3 Nb4 16. Rc1 c6 17. Bf1 Qe7 18. Ne2 Rae8 19. Nf4 Bb8 20. Nd2 Nxd2 21. Bxd2 f6 22. Bc3 fxe5 23. dxe5 Qg5 24. Nh5 Bxh3 25. Ng3 Bg4 26. Qd4 h5 27. Bxb4 axb4 28. Qxb4 h4 29. Nh1 Ba7 30. Qc3 Bf3 31. g3 Bxh1 32. Kxh1 Rxf2 33. Bh3 hxg3 34. e6 Rh2# 0-1

[Event "Titled Tuesday 2025.01.21 Late"]
[Site "Chess.com INT"]
[Date "2025.01.21"]
[Round "3"]
[White "Alcazar Jimenez, Jesus Alberto"]
[Black "Yang, Kaiqi"]
[Result "0-1"]
[WhiteElo "2141"]
[BlackElo "2481"]
[PlyCount "58"]
[GameId "2138824814631851"]
[EventDate "2025.01.21"]
[EventType "swiss (blitz)"]
[EventRounds "11"]
[EventCountry "NET"]
[SourceTitle "Mega2025 Update 13"]
[Source "Chessbase"]
[SourceDate "2025.01.31"]
[SourceVersion "1"]
[SourceVersionDate "2025.01.31"]
[SourceQuality "1"]

1. c4 Nf6 2. Nc3 g6 3. Nf3 Bg7 4. e3 O-O 5. Be2 c5 6. d4 cxd4 7. exd4 d5 8. h3 Nc6 9. O-O dxc4 10. Bxc4 Na5 11. Bb3 Nxb3 12. axb3 b6 13. Be3 Bb7 14. Ne5 Nd5 15. Qd2 e6 16. Bh6 Qh4 17. Bg5 Qh5 18. Ne4 f6 19. Nd7 Rf7 20. Kh2 Rxd7 21. g4 Qxg5 22. Nxg5 fxg5 23. Rae1 Nf4 24. f3 Rxd4 25. Qe3 Rad8 26. Rf2 Rd3 27. Qc1 Bxf3 28. Qc4 Bd5 29. Qc2 Rxh3+ 0-1

[Event "Titled Tuesday 2025.01.21 Late"]
[Site "Chess.com INT"]
[Date "2025.01.21"]
[Round "4"]
[White "Moroni, Luca Jr"]
[Black "Yang, Kaiqi"]
[Result "1-0"]
[WhiteElo "2545"]
[BlackElo "2481"]
[PlyCount "79"]
[GameId "2138824814763254"]
[EventDate "2025.01.21"]
[EventType "swiss (blitz)"]
[EventRounds "11"]
[EventCountry "NET"]
[SourceTitle "Mega2025 Update 13"]
[Source "Chessbase"]
[SourceDate "2025.01.31"]
[SourceVersion "1"]
[SourceVersionDate "2025.01.31"]
[SourceQuality "1"]

1. d4 Nf6 2. Bf4 d5 3. e3 c5 4. dxc5 e6 5. b4 a5 6. c3 b6 7. Bxb8 Rxb8 8. Bb5+ Ke7 9. c6 Ne4 10. Ne2 g6 11. Nd2 Nd6 12. a4 Bg7 13. Rc1 Qc7 14. O-O Rd8 15. Qc2 e5 16. e4 Be6 17. Rfd1 Bh6 18. Rb1 Bxd2 19. exd5 Bxd5 20. Qxd2 Bxc6 21. Bxc6 Qxc6 22. Qh6 Nf5 23. Qg5+ f6 24. Qg4 h5 25. Qh3 Qxa4 26. Re1 Kf7 27. Qf3 Qc2 28. Ng3 Nh4 29. Qc6 Kg7 30. Qc7+ Kh6 31. h3 Rbc8 32. Qe7 Qxc3 33. Qxf6 Rf8 34. Qxh4 a4 35. Ne4 Qd4 36. Qg5+ Kg7 37. Rbd1 Qb2 38. Rd7+ Rf7 39. Qf6+ Kh6 40. Rxf7 1-0

[Event "Titled Tuesday 2025.01.21 Late"]
[Site "Chess.com INT"]
[Date "2025.01.21"]
[Round "5"]
[White "Yang, Kaiqi"]
[Black "Venkatesh, Narayan"]
[Result "0-1"]
[WhiteElo "2481"]
[BlackElo "2175"]
[PlyCount "84"]
[GameId "2138824814857711"]
[EventDate "2025.01.21"]
[EventType "swiss (blitz)"]
[EventRounds "11"]
[EventCountry "NET"]
[SourceTitle "Mega2025 Update 13"]
[Source "Chessbase"]
[SourceDate "2025.01.31"]
[SourceVersion "1"]
[SourceVersionDate "2025.01.31"]
[SourceQuality "1"]

1. e4 c5 2. Nf3 d6 3. Nc3 Nf6 4. d4 cxd4 5. Qxd4 Nc6 6. Qd3 g6 7. Nd5 {now scores much better than the old 7.Be2. punktet besser als das ältere 7.Le2.} Bg7 8. c3 O-O 9. Bg5 Nxd5 10. exd5 Ne5 11. Nxe5 Bxe5 12. Be2 Bf5 13. Qd2 Qd7 $146 (13... Rb8 14. a4 Bf6 15. Be3 a5 16. O-O Qc7 17. Rfe1 Rfd8 18. Bb5 Bd7 19. Qd3 Rdc8 20. Bxd7 Qxd7 {1-0 Xiong,J (2659)-Yilmaz,M (2633) Titled Tuesday intern op 27th Feb Early Chess.com INT blitz 2024 (8)}) 14. f3 h5 15. g4 hxg4 16. fxg4 Bxg4 17. O-O-O Bxe2 18. Qxe2 Qf5 19. h4 Rac8 20. Rdf1 Qd7 21. h5 f6 22. hxg6 fxg5 23. Qh5 Rf4 24. Qh7+ Kf8 25. Rxf4+ Bxf4+ 26. Kb1 Qf5+ 27. Ka1 Qf6 28. Qh8+ Qxh8 29. Rxh8+ Kg7 30. Rxc8 b5 31. Kb1 g4 32. Rc7 Bg5 33. Rxa7 g3 34. a3 g2 35. Ka2 g1=Q 36. Rb7 Qc5 37. Rb8 Qc4+ 38. Kb1 Qd3+ 39. Ka2 Qxd5+ 40. Kb1 Qf5+ 41. Ka2 Qe6+ 42. Kb1 Qb3 0-1

[Event "Titled Tuesday 2025.01.21 Late"]
[Site "Chess.com INT"]
[Date "2025.01.21"]
[Round "6"]
[White "Yang, Kaiqi"]
[Black "Lane, Ryan"]
[Result "0-1"]
[WhiteElo "2481"]
[BlackElo "2041"]
[PlyCount "136"]
[GameId "2138824814972688"]
[EventDate "2025.01.21"]
[EventType "swiss (blitz)"]
[EventRounds "11"]
[EventCountry "NET"]
[SourceTitle "Mega2025 Update 13"]
[Source "Chessbase"]
[SourceDate "2025.01.31"]
[SourceVersion "1"]
[SourceVersionDate "2025.01.31"]
[SourceQuality "1"]

1. e4 e5 2. Nf3 Nc6 3. Bc4 Nf6 4. d3 Bc5 5. O-O d6 6. c3 a5 7. Bg5 h6 8. Bh4 g5 {8...Ba7 is more advanced technology. 8...La7 ist hochmodern.} 9. Bg3 O-O 10. Nbd2 Be6 11. Bb5 Na7 $146 (11... g4 12. Nh4 Ne7 13. Bc4 Qd7 14. Kh1 Nh5 15. Bxe6 Qxe6 16. f4 Nxg3+ 17. hxg3 h5 {1-0 Shahil,D (2402)-Akin,Y (2125) Paracin op-A 15th 2022 (2)}) 12. Ba4 b5 13. Bc2 Bb6 14. d4 exd4 15. Nxd4 Bxd4 16. cxd4 Bg4 17. f3 Bh5 18. a4 Nc6 19. d5 Na7 20. Bd3 b4 21. Nc4 Nc8 22. Qc2 Nb6 23. Ne3 Nbd7 24. Nf5 Bg6 25. Nd4 Nc5 26. Nc6 Qe8 27. Qc4 Nxd5 28. Qxd5 Nxd3 29. Qxd3 Qxc6 30. Rfc1 Qb6+ 31. Bf2 Qb7 32. Qc4 Rac8 33. Bd4 c5 34. Bf6 Rc6 35. Rd1 Qd7 36. Rd5 Qe6 37. e5 dxe5 38. Bxe5 Re8 39. Rad1 Rec8 40. Qb5 Bc2 41. Rd8+ Kh7 42. R1d2 Rxd8 43. Rxd8 Qxe5 44. h4 Qe3+ 45. Kh1 Re6 46. Qc4 Qe1+ 47. Kh2 Qxh4+ 48. Qxh4 gxh4 49. Rd5 Bxa4 50. Rxc5 Ra6 51. Rh5 Bb3 52. Rxh4 Be6 53. Rd4 Rb6 54. Rd8 a4 55. Ra8 a3 56. bxa3 b3 57. a4 b2 58. a5 Rb4 59. a6 b1=Q 60. a7 Qc1 61. Rh8+ Kxh8 62. a8=Q+ Kg7 63. Kg3 Qf4+ 64. Kf2 Rb2+ 65. Kg1 Qd4+ 66. Kh2 Qh4+ 67. Kg1 Qg3 68. Qe4 Qxg2# 0-1

[Event "Titled Tuesday 2025.01.21 Late"]
[Site "Chess.com INT"]
[Date "2025.01.21"]
[Round "7"]
[White "Tisma, Ivan"]
[Black "Yang, Kaiqi"]
[Result "1-0"]
[WhiteElo "1967"]
[BlackElo "2481"]
[PlyCount "87"]
[GameId "2138824815013753"]
[EventDate "2025.01.21"]
[EventType "swiss (blitz)"]
[EventRounds "11"]
[EventCountry "NET"]
[SourceTitle "Mega2025 Update 13"]
[Source "Chessbase"]
[SourceDate "2025.01.31"]
[SourceVersion "1"]
[SourceVersionDate "2025.01.31"]
[SourceQuality "1"]

1. Nf3 d5 2. g3 c6 3. Bg2 Bg4 4. O-O Nd7 5. h3 Bh5 6. d4 e6 7. c4 Ngf6 8. Qb3 Qb6 9. c5 Qxb3 10. axb3 a6 11. b4 Be7 12. Nc3 Rc8 13. Bf4 O-O 14. Nd2 Rfe8 15. Nb3 Bd8 16. Na5 Bxa5 17. bxa5 e5 18. dxe5 Nxe5 19. g4 d4 20. Na4 Nfxg4 21. hxg4 Bxg4 22. Rfe1 Ng6 23. e3 d3 24. f3 Bf5 25. Bd6 d2 26. Red1 Rxe3 27. Rxd2 Nh4 28. Kf2 Rce8 29. Nc3 Bh3 30. Bh1 Nf5 31. Re2 h5 32. Rae1 Rxe2+ 33. Rxe2 Rd8 34. Rd2 g5 35. Ne4 g4 36. fxg4 hxg4 37. Bg2 Kh7 38. Bxh3 gxh3 39. Ng5+ Kg6 40. Nxh3 Rh8 41. Nf4+ Kf6 42. Ng2 Rh2 43. Bxh2 Ke6 44. Nf4+ 1-0

[Event "Titled Tuesday 2025.01.14 Early"]
[Site "Chess.com INT"]
[Date "2025.01.14"]
[Round "1"]
[White "Yang, Kaiqi"]
[Black "Yevchenko, Alexander"]
[Result "1-0"]
[WhiteElo "2481"]
[BlackElo "2276"]
[PlyCount "69"]
[GameId "2136239184806335"]
[EventDate "2025.01.14"]
[EventType "swiss (blitz)"]
[EventRounds "11"]
[EventCountry "NET"]
[SourceTitle "Mega2025 Update 12"]
[Source "Chessbase"]
[SourceDate "2025.01.24"]
[SourceVersion "1"]
[SourceVersionDate "2025.01.24"]
[SourceQuality "1"]

1. e4 c5 2. Nf3 d6 3. Bb5+ Nd7 4. d4 cxd4 5. Qxd4 a6 6. Bxd7+ Bxd7 7. O-O e6 8. c4 Nf6 9. Nc3 Be7 10. Bg5 {has lost popularity (10.b3). verliert an Beliebtheit (10.b3).} Bc6 11. Rad1 O-O 12. Rfe1 Rc8 13. Qe3 h6 $146 (13... Qc7 14. Rc1 Qb8 15. Nd4 Ng4 16. Qd2 Bxg5 17. Qxg5 Ne5 18. Re3 Qc7 19. b3 Rce8 {½-½ Tionko,E (1844)-Rossiter,P (1745) Wellington op 2014 (4)}) 14. Bxf6 Bxf6 15. e5 Bg5 16. Nxg5 hxg5 17. Rxd6 Qe7 18. c5 g4 19. Qg3 f5 20. exf6 Rxf6 21. Qxg4 Re8 22. Ne4 Rf5 23. b4 Ref8 24. f3 a5 25. a3 axb4 26. axb4 Qf7 27. Ng5 Qg6 28. h4 Rf4 29. Qxe6+ Qxe6 30. Nxe6 Rxb4 31. Nxf8 Bxf3 32. gxf3 Rxh4 33. Ng6 Rb4 34. Re8+ Kf7 35. Rf8# 1-0

[Event "Titled Tuesday 2025.01.14 Early"]
[Site "Chess.com INT"]
[Date "2025.01.14"]
[Round "2"]
[White "Yang, Kaiqi"]
[Black "Vokhidov, Shamsiddin"]
[Result "0-1"]
[WhiteElo "2481"]
[BlackElo "2670"]
[PlyCount "76"]
[GameId "2136239184978777"]
[EventDate "2025.01.14"]
[EventType "swiss (blitz)"]
[EventRounds "11"]
[EventCountry "NET"]
[SourceTitle "Mega2025 Update 12"]
[Source "Chessbase"]
[SourceDate "2025.01.24"]
[SourceVersion "1"]
[SourceVersionDate "2025.01.24"]
[SourceQuality "1"]

1. e4 c5 2. Nf3 d6 3. Bb5+ Nd7 4. d4 cxd4 5. Qxd4 a6 6. Bxd7+ Bxd7 7. O-O Nf6 8. Bg5 e6 9. c4 Be7 10. Nc3 Bc6 11. Rfd1 O-O 12. Qe3 Qa5 13. Bxf6 Bxf6 14. Rxd6 Qb4 15. Rd2 Qxc4 16. e5 Be7 17. Rd4 Qc5 18. Ne4 Qb5 19. Rad1 Qxb2 20. h4 Rfd8 21. Nd6 Rd7 22. Ng5 Bxd6 23. exd6 h6 24. Nf3 Bxf3 25. Qxf3 Rad8 26. h5 Qxa2 27. Qg3 Qe2 28. R1d2 Qxh5 29. Rg4 f6 30. f3 Qc5+ 31. Kh2 Qh5+ 32. Kg1 e5 33. Rg6 Kh7 34. Rg4 Qf7 35. Kh2 Rxd6 36. Rxd6 Rxd6 37. f4 Rd4 38. f5 Qh5+ 0-1

[Event "Titled Tuesday 2025.01.14 Early"]
[Site "Chess.com INT"]
[Date "2025.01.14"]
[Round "3"]
[White "Madej, Marek"]
[Black "Yang, Kaiqi"]
[Result "0-1"]
[WhiteElo "2162"]
[BlackElo "2481"]
[PlyCount "56"]
[GameId "2136239185097894"]
[EventDate "2025.01.14"]
[EventType "swiss (blitz)"]
[EventRounds "11"]
[EventCountry "NET"]
[SourceTitle "Mega2025 Update 12"]
[Source "Chessbase"]
[SourceDate "2025.01.24"]
[SourceVersion "1"]
[SourceVersionDate "2025.01.24"]
[SourceQuality "1"]

1. e4 c5 2. Nf3 d6 3. d4 cxd4 4. Nxd4 Nf6 5. Nc3 a6 6. g3 e5 7. Nde2 {7.Nb3 is more fashionable. 7.Sb3 ist modischer.} Be6 8. Bg2 Nbd7 9. O-O b5 10. a3 Rc8 11. f4 Be7 12. Kh1 $146 (12. h3 Qb6+ 13. Kh2 h5 14. Qd3 Ng4+ 15. Kh1 Bc4 16. Qf3 a5 17. Bd2 a4 18. Rac1 {0-1 Ribeiro Guerra,T-Cardoso,A (1977) Recife Araujo Cup 5th 2018 (5)}) 12... h5 13. b3 Bg4 14. Bb2 h4 15. Qe1 Qb6 16. Rc1 Bd8 17. Nd5 Nxd5 18. exd5 Bf6 19. fxe5 Bxe5 20. Bxe5 Nxe5 21. Nf4 h3 22. Be4 O-O 23. Nd3 Rce8 24. Rf4 f5 25. Nxe5 Rxe5 26. Rxg4 fxg4 27. Qe2 Qf2 28. Qxg4 Qf1+ 0-1